000 00627nam a2200205Ia 4500
001 14924
003 GE_BSU
008 181216s||||||||xx |||||||||||||| ||und||
040 _cGE_BSU
080 _a531.1
100 _aБутенин,Н.В. Лунц,Л.Я. Меркин,Д.Р.
245 _aКурс теоретической механики. Статика и Кинематика
260 _aМосква
260 _bНаука
260 _c1970
300 _a240стр.22см.
653 _aКурс теоретической механики
653 _aСтатика и Кинематика
942 _cBK
999 _c48044
_d48044